Clase 1 : El proceso de la escritura EGB /
Clase televisiva interactiva. Tema: el proceso de la escritura EGB.
Guardado en:
| Autor Corporativo: | |
|---|---|
| Formato: | |
| Series: | Red federal de formación docente continua
|
| Materias: | |
| Etiquetas: |
Agregar Etiqueta
Sin Etiquetas, Sea el primero en etiquetar este registro!
|
| LEADER | 00792ngm a22002295g 4500 | ||
|---|---|---|---|
| 001 | CEM.cems022283 | ||
| 008 | 130507b1997##################0###0#####d | ||
| 005 | 20241015172548.0 | ||
| 245 | 1 | 0 | |a Clase 1 : |b El proceso de la escritura EGB / |c Consudec. |
| 300 | |a 28'. | ||
| 490 | 0 | |a Red federal de formación docente continua | |
| 500 | |a En soporte VHS, consultar en ventanilla. | ||
| 520 | |a Clase televisiva interactiva. Tema: el proceso de la escritura EGB. | ||
| 538 | |a Soporte: VHS - Norma: Pal N - Color: Si - Original 1997 - Hitachi=0000 | ||
| 110 | 2 | |a Consudec. | |
| 082 | 4 | 0 | |/ CON-1 |
| 653 | |a LENGUA | ||
| 653 | |a ESCRITURA | ||
| 653 | |a CONSUDEC | ||
| 653 | |a NIVEL PRIMARIO | ||
| 653 | |a NIVEL SECUNDARIO | ||
| 859 | |a CEMS |b BIB. CEMS - Depto. Recursos Didacticos |h 407 |i CON-1 |k DRD |p 926.12 |t Ej.1 | ||
